Water supply and sanitary engineering : (Record no. 153557)

MARC details
000 -LEADER
fixed length control field 00798nam a2200253 a 4500
008 - FIXED-LENGTH DATA ELEMENTS--GENERAL INFORMATION
fixed length control field
020 ## - INTERNATIONAL STANDARD BOOK NUMBER
International Standard Book Number [ ]
049 ## - LOCAL HOLDINGS (OCLC)
Holding library MAIN
090 ## - LOCALLY ASSIGNED LC-TYPE CALL NUMBER (OCLC); LOCAL CALL NUMBER (RLIN)
Classification number (OCLC) (R) ; Classification number, CALL (RLIN) (NR) TD345
Local cutter number (OCLC) ; Book number/undivided call number, CALL (RLIN) BIR
003 - CONTROL NUMBER IDENTIFIER
control field
005 - DATE AND TIME OF LATEST TRANSACTION
control field 20230123133726.0
040 ## - CATALOGING SOURCE
Transcribing agency NUST
100 1# - MAIN ENTRY--PERSONAL NAME
Personal name Birdie, G.S.
245 10 - TITLE STATEMENT
Title Water supply and sanitary engineering :
Remainder of title (including environmental engineering, water and air pollution laws and ecology) /
Statement of responsibility, etc. by G. S. Birdie and J. S.Birdie.
260 ## - PUBLICATION, DISTRIBUTION, ETC.
Place of publication, distribution, etc. Nai Sarak, Delhi :
Name of publisher, distributor, etc. Dhanpak rai & Sons,
Date of publication, distribution, etc. 1992.
300 ## - PHYSICAL DESCRIPTION
Extent 5th ed.
300 ## - PHYSICAL DESCRIPTION
Extent xvi,979 p. :
Other physical details ill. ;
Dimensions 21 cm.
500 ## - GENERAL NOTE
General note [pages 1-4 missing.]
650 ## - SUBJECT ADDED ENTRY--TOPICAL TERM
Topical term or geographic name entry element Sanitary engineering.
650 ## - SUBJECT ADDED ENTRY--TOPICAL TERM
Topical term or geographic name entry element Water
General subdivision Supply.
700 ## - ADDED ENTRY--PERSONAL NAME
Personal name Birdie, J. S.
907 ## - LOCAL DATA ELEMENT G, LDG (RLIN)
a .b1012438x
b 11-04-18
c 02-06-04
942 ## - ADDED ENTRY ELEMENTS (KOHA)
Koha item type Ordinary Loan Books
Call number prefix TD345
Call number suffix BIR
Holdings
Date last seen Total Checkouts Full call number Barcode Cost, replacement price Price effective from Koha item type Lost status Source of classification or shelving scheme Damaged status Not for loan Collection Withdrawn status Home library Current library Shelving location Date acquired Cost, normal purchase price
01/23/2023 45 TD345 BIR 92004044695 80.00 01/23/2023 BOOKS   LCC     NFIC   MAIN MAIN GEN 01/23/2023 80.00